| 000 | 00642nam a2200229 a 4500 | ||
|---|---|---|---|
| 001 | 2690 | ||
| 003 | CDMR | ||
| 005 | 20131126175655.0 | ||
| 008 | 130130s1984||||||||||||||||||||||||||||d | ||
| 020 | _a8486153344 | ||
| 040 |
_aCDMR _bcat _cCDMR |
||
| 100 | 1 |
_aBarroso, Porfirio _9479 |
|
| 245 | 1 | 0 |
_aLímites constitucionales al derecho de la información _cP. Barroso Asenjo |
| 260 |
_aBarcelona _c1984 _bMitre |
||
| 300 | _a135 p. | ||
| 490 | 0 | _aTextos de periodismo | |
| 650 | 0 | 4 |
_91574 _aLlibertat d'informació |
| 650 | 0 | 4 |
_94380 _aDret a l'honor |
| 650 | 0 | 4 |
_9709 _aDret a la intimitat |
| 650 | 0 | 4 |
_94396 _aDret i ètica |
| 942 |
_cMON _2udc |
||
| 999 |
_c2690 _d2690 |
||